Online Catalogue and eLibrary

The Situation of women in Bangladesh / (Record no. 171)

MARC details
000 -LEADER
fixed length control field 00501cam a2200157 a 4500
001 - CONTROL NUMBER
control field 2312708
005 - DATE AND TIME OF LATEST TRANSACTION
control field 20231211031010.0
008 - FIXED-LENGTH DATA ELEMENTS--GENERAL INFORMATION
fixed length control field 930415s1979 ii b 000 0 eng
040 ## - CATALOGING SOURCE (பட்டியலாக்க மூலம்)
Original cataloging agency DLC
Transcribing agency DLC
Modifying agency DLC
082 00 - DDC Classification
Class No. 305.4/095492
DDC Edition Number 20
245 04 - TITLE STATEMENT
Title The Situation of women in Bangladesh /
Statement of responsibility, etc. edited by Women for Women, Research and Study Group at the request of Women's Development Programme, UNICEF, Dacca.
260 ## - PUBLICATION, DISTRIBUTION, ETC.
Place of publication, distribution, etc. Dacca.
Name of publisher, distributor, etc. Women for Women,
Date of publication, distribution, etc. 1979.
300 ## - PHYSICAL DESCRIPTION
Extent (e.g. Volumes, Pages etc.) 454 p. ;
650 #0 - SUBJECT ADDED ENTRY--TOPICAL TERM
Topical term or geographic name entry element Women
942 ## - Koha item type (Biblio)
Koha item type Books in Stacks (Lending)
Holdings
Lost status Damaged status Collection code Home library Current library Date acquired Full call number Accession Number Item type
    Lending WERC Library WERC Library 12/11/2023 305.4/095492 200 Books in Stacks (Lending)

© WERC Library